00881 aa a2200205 450000500170000001000060001702000220002303500130004503700180005808200130007610000450008924501380013424600410027226000590031327000780037230000520045052001010050265000190060370000530062220120419124227.0 a  a8185829063c70.00 aA-690287 bD.B.Act / pub a363.7392 aमिश्र,शिवगोपाल aवायु प्रदूषणcशिवगोपाल मिश्र तथा सुनीलदत्त तिवारी aVayu Pradushanbby Sheo Gopal Mishra aदिल्लीbज्ञान गंगाc1994 a205-सी चावड़ी बाजारbदिल्लीe110006 a112पृc22 सेमी (सजिल्द) aDue to global warming ozon layer damaged,changes in the earth has been highlighted in this book aPollution, Air aतिवारी, सुनील दत्त